00467 a2200169 450000100060000002000180000604000240002410000180004824000310006624500260009730000060012336200090012965000310013894200070016995201040017699900170028046836 a9788574167183 cAnchieta - Aquarius aAzcona, Marta10aUm presente diferentelpor10aUm presente diferente a 0 a2012 4aLiteratura infanto-juvenil cBK 00104070a87.1b87.1d2023-11-21l0o028.5 AZC PREp4994/AQUr2023-11-21 15:13:32w2023-11-21yBK c46836d46836